| 000 | 00548nam a2200181Ia 4500 | ||
|---|---|---|---|
| 003 | GCL | ||
| 008 | 140319s9999 xx 000 0 ara d | ||
| 040 |
_aGCL / _cGCL |
||
| 082 | 0 | 4 |
_a415.1 _bا ع |
| 100 | 1 | _aاحمد مختار عمر | |
| 245 | 1 | 0 |
_aالعربية الصحيحة دليل الباحث الى الصواب اللغوى / _cاحمد مختار عمر |
| 260 |
_a[S.N] : _bعالم الكتب الحديث |
||
| 300 | _a204 ص | ||
| 490 | _a | ||
| 650 | 0 | 4 | _aالنحو |
| 650 | 0 | 4 | _aاللغة العربية |
| 942 |
_2ddc _cBK |
||
| 999 |
_c33041 _d33041 |
||